Riconosci il Calciatore - Quiz n°24 - Statistics

Statistiche generali
  • Questo quiz è stato fatto 33 volte
  • Il punteggio medio è 8 su 15
Statistiche sulle risposte
Indizio Risposta % Corretto
Nazionalità Italia
90%
Ruolo Mediano
90%
Squadra di club 2 Fiorentina 1983-1987
87%
Squadra di club 1 Inter 1970-1983
74%
Trofei per club Torneo di Viareggio: 1 Inter: 1971
Campionato italiano: 2
Inter: 1970-1971, 1979-1980
Coppa Italia: 2
Inter: 1977-1978, 1981-1982
61%
Data di nascita 25/11/1952
58%
Trofei per nazionali Campionato mondiale: 1 Spagna 1982
48%
Altezza 176 cm
42%
Gol nei club 56
42%
Trofei individuali Inserito nella Hall of Fame del calcio italiano nella categoria Veterano italiano 2019 Inserito tra le "Leggende del calcio" del Golden Foot 2021
42%
Gol in nazionale 1
39%
Peso 74 kg
39%
Presenze nei club 537
35%
Presenze in nazionale 28
32%
Calciatore Gabriele Oriali
32%
Nessun quiz corrispondente trovato
Distribuzione punteggi
Percentuale di utenti per punteggio
Percentile per numero di risposta
I tuoi punteggi nel tempo
Non hai fatto questo quiz